Cinéma en images par lettres - H - Statistiques

Statistiques générales
  • Ce quiz a été pris 341 fois
  • Le résultat moyen est 13 sur 24
Statistiques - réponses
Par images Hint Réponse % Correct
Film La Haine
95%
Genre Horreur
93%
Franchise Harry Potter
92%
Acteur Tom Hanks
88%
Réalisateur Alfred Hitchcock
84%
Franchise Hunger Games
80%
Ville Hollywood
75%
Acteur Anthony Hopkins
69%
Film Happy Feet
64%
Actrice Anne Hathaway
63%
Personnage Hellboy
61%
Acteur Tom Hardy
61%
Film Her
56%
Film Halloween
52%
Actrice Isabelle Huppert
52%
Actrice Audrey Hepburn
46%
Réalisateur Michel Hazanavicius
40%
Film Les Huit Salopards
37%
Film Highlander
30%
Film L'Homme de Rio
14%
Personnage L'Homme Invisible
14%
Compositeur Joe Hisaishi
9%
Acteur Charlton Heston
8%
Technique Hors-champ
7%
Aucun quiz correspondant
Distribution des résultats
% des personnes avec chaque résultat
Percentile par nombre de réponses
Votre historique - résultats
Vous n’avez pas pris ce quiz